[Event "Main Vogelsberg op 14th"]
[Site "Waechtersbach"]
[Date "2019.06.09"]
[Round "4"]
[White "Urbach, Jens"]
[Black "Wiest, Kurt"]
[Result "0-1"]
[WhiteElo "1374"]
[BlackElo "1637"]
[PlyCount "52"]
[EventDate "2019.06.07"]
[EventType "swiss"]
[EventRounds "7"]
[EventCountry "GER"]
[SourceTitle "CBM 190 Extra"]
[Source "ChessBase"]
[SourceDate "2019.07.15"]
[SourceVersion "1"]
[SourceVersionDate "2019.07.15"]
[SourceQuality "1"]

1. e4 e6 2. d4 d5 3. exd5 exd5 4. Nf3 Bd6 5. c4 c6 6. c5 Bc7 7. Be2 Ne7 8. 0-0 Bg4 9. h3 Bh5 10. Re1 0-0 11. Ng5 Bxe2 12. Rxe2 Nd7 13. Qc2 Nf6 14. Bd2 h6 15. Nf3 Qd7 16. Nc3 Rfe8 17. Rae1 Ng6 18. Ne5 Bxe5 19. dxe5 Nh7 20. Qb3 Nhf8 21. f4 Ne6 22. f5 Nd4 23. e6 fxe6 24. Rxe6 Nxb3 25. Rxe8+ Rxe8 26. Rxe8+ Qxe8 0-1

[Event "Main Vogelsberg op 14th"]
[Site "Waechtersbach"]
[Date "2019.06.09"]
[Round "5"]
[White "Wiest, Kurt"]
[Black "Kolzenburg, Jan Niklas"]
[Result "1-0"]
[WhiteElo "1637"]
[BlackElo "1504"]
[PlyCount "95"]
[EventDate "2019.06.07"]
[EventType "swiss"]
[EventRounds "7"]
[EventCountry "GER"]
[SourceTitle "CBM 190 Extra"]
[Source "ChessBase"]
[SourceDate "2019.07.15"]
[SourceVersion "1"]
[SourceVersionDate "2019.07.15"]
[SourceQuality "1"]

1. e4 e5 2. Nf3 Nf6 3. Nc3 Bb4 4. Bc4 d6 5. d3 h6 6. Bd2 Nc6 7. Nd5 Bxd2+ 8. Qxd2 0-0 9. 0-0 Nxd5 10. Bxd5 Be6 11. Bb3 Qd7 12. c3 Kh8 13. Bc2 f5 14. Nh4 Ne7 15. d4 f4 16. dxe5 dxe5 17. Qxd7 Bxd7 18. Nf3 Ng6 19. Bb3 Bc6 20. Bd5 Bxd5 21. exd5 b5 22. Rfe1 Rfe8 23. b3 Kg8 24. Re4 a5 25. Rae1 Rad8 26. c4 bxc4 27. bxc4 Kf7 28. Nxe5+ Rxe5 29. Rxe5 Nxe5 30. Rxe5 c6 31. Kf1 cxd5 32. Rf5+ Ke6 33. Rxf4 dxc4 34. Rxc4 Rd5 35. Rc3 Ke5 36. Ke2 Rb5 37. Rb3 Rc5 38. Kd2 Kd6 39. Rd3+ Ke6 40. Ke3 Ke5 41. f4+ Ke6 42. Rd2 g5 43. g3 g4 44. Kd3 h5 45. Rc2 Rb5 46. Kc3 Kd6 47. Rb2 Rc5+ 48. Kb3 1-0

[Event "Main Vogelsberg op 14th"]
[Site "Waechtersbach"]
[Date "2019.06.08"]
[Round "2"]
[White "Hansch, Christian Min"]
[Black "Wiest, Kurt"]
[Result "1-0"]
[WhiteElo "1497"]
[BlackElo "1637"]
[PlyCount "89"]
[EventDate "2019.06.07"]
[EventType "swiss"]
[EventRounds "7"]
[EventCountry "GER"]
[SourceTitle "CBM 190 Extra"]
[Source "ChessBase"]
[SourceDate "2019.07.15"]
[SourceVersion "1"]
[SourceVersionDate "2019.07.15"]
[SourceQuality "1"]

1. e4 e6 2. Nc3 d5 3. exd5 exd5 4. d4 Nf6 5. Bd3 c6 6. Qe2+ Be7 7. Bf4 0-0 8. 0-0-0 Re8 9. Qd2 b5 10. Nb1 a5 11. Nf3 Na6 12. a3 b4 13. a4 c5 14. b3 Be6 15. Qe2 Qc8 16. Nbd2 cxd4 17. Nxd4 Nc5 18. Bb5 Bd7 19. Rhe1 Nce4 20. Bxd7 Qxd7 21. Nb5 Rac8 22. Nxe4 Nxe4 23. Qxe4 Qxb5 24. Qxe7 Qc6 25. Qc7 Rxe1 26. Rxe1 Rxc7 27. Bxc7 Kf8 28. Bxa5 Qd6 29. g3 f6 30. Kd2 Qc5 31. Bd8 Qxf2+ 32. Re2 Qd4+ 33. Kc1 Qa1+ 34. Kd2 Qc3+ 35. Kd1 d4 36. Rd2 Qe3 37. Kc1 Qe1+ 38. Rd1 Qc3 39. Bb6 Qe3+ 40. Rd2 Qg1+ 41. Kb2 Qe1 42. Rxd4 Qe5 43. a5 f5 44. a6 g5 45. a7 1-0

[Event "Wiesbaden op 27th"]
[Site "Wiesbaden"]
[Date "2015.08.29"]
[Round "4"]
[White "Wiest, Kurt"]
[Black "Triantafillidis, Simeon"]
[Result "0-1"]
[WhiteElo "1784"]
[BlackElo "1513"]
[PlyCount "68"]
[EventDate "2015.08.27"]
[EventType "swiss"]
[EventRounds "7"]
[EventCountry "GER"]
[SourceTitle "EXT 2016"]
[Source "ChessBase"]
[SourceDate "2015.10.08"]
[SourceVersion "1"]
[SourceVersionDate "2015.10.08"]
[SourceQuality "1"]

1. e4 e5 2. Bc4 Nf6 3. Nf3 Nc6 4. d3 Bc5 5. Nc3 h6 6. Be3 Bb6 7. Qd2 Bxe3 8. fxe3 0-0 9. 0-0 d6 10. Nd5 Be6 11. Nxf6+ Qxf6 12. Bb3 Qg6 13. Nh4 Qg5 14. Nf5 Nd4 15. Nxd4 exd4 16. Rf3 Rae8 17. Rg3 dxe3 18. Qc3 Qe5 19. Qxc7 Qxb2 20. Re1 Bxb3 21. axb3 Rc8 22. Qxd6 Rxc2 23. Qf4 e2 24. Qe3 Rd2 25. Kf2 Rc8 26. Qxh6 Rd1 27. Rxe2 Qa1 28. Qh3 Rf1+ 29. Ke3 Qc1+ 30. Rd2 Re1+ 31. Kf3 Rc6 32. e5 Qxd2 33. Rxg7+ Kxg7 34. Qg3+ Rg6 0-1

[Event "Wiesbaden op 27th"]
[Site "Wiesbaden"]
[Date "2015.08.28"]
[Round "3"]
[White "Laux, Dominik"]
[Black "Wiest, Kurt"]
[Result "0-1"]
[WhiteElo "1273"]
[BlackElo "1784"]
[PlyCount "82"]
[EventDate "2015.08.27"]
[EventType "swiss"]
[EventRounds "7"]
[EventCountry "GER"]
[SourceTitle "EXT 2016"]
[Source "ChessBase"]
[SourceDate "2015.10.08"]
[SourceVersion "1"]
[SourceVersionDate "2015.10.08"]
[SourceQuality "1"]

1. d4 d5 2. Nf3 Nf6 3. Bf4 Bf5 4. e3 e6 5. h3 Bd6 6. Bxd6 Qxd6 7. c3 Nbd7 8. Nbd2 0-0 9. Be2 Ne4 10. 0-0 Ndf6 11. Rc1 c5 12. Ne5 c4 13. b3 b5 14. b4 Qa6 15. Rc2 Qa4 16. g4 Nxd2 17. Rxd2 Qxd1 18. Rfxd1 Bg6 19. Ra1 Ne4 20. Rc2 a5 21. Nc6 axb4 22. Nxb4 Ra3 23. Rac1 Ng5 24. Rb2 Nxh3+ 25. Kg2 Ng5 26. Nc6 Ne4 27. Ne7+ Kh8 28. Nxg6+ hxg6 29. Rbc2 Rfa8 30. f3 Nd6 31. Ra1 R8a4 32. Kg3 b4 33. cxb4 Rxb4 34. Kf4 f6 35. g5 Nf5 36. e4 Nxd4 37. Rd2 Nxe2+ 38. Rxe2 e5+ 39. Kg3 d4 40. Rd2 c3 41. Rd3 Rb2 0-1

[Event "Wiesbaden op 27th"]
[Site "Wiesbaden"]
[Date "2015.08.28"]
[Round "2"]
[White "Wiest, Kurt"]
[Black "Lehmann, Tim"]
[Result "0-1"]
[WhiteElo "1784"]
[BlackElo "1560"]
[PlyCount "60"]
[EventDate "2015.08.27"]
[EventType "swiss"]
[EventRounds "7"]
[EventCountry "GER"]
[SourceTitle "EXT 2016"]
[Source "ChessBase"]
[SourceDate "2015.10.08"]
[SourceVersion "1"]
[SourceVersionDate "2015.10.08"]
[SourceQuality "1"]

1. e4 c5 2. c3 d5 3. exd5 Nf6 4. d4 cxd4 5. Qxd4 Qxd5 6. Nf3 Nc6 7. Qxd5 Nxd5 8. Bb5 Bd7 9. 0-0 0-0-0 10. Na3 a6 11. Bc4 Bf5 12. Bg5 f6 13. Bh4 e5 14. Bxd5 Rxd5 15. Nc4 Rd8 16. Ne3 Be6 17. a4 g5 18. Bg3 h5 19. h4 g4 20. Ne1 f5 21. N3c2 f4 22. Bh2 Bc4 23. Nb4 Nxb4 24. cxb4 Bxf1 25. Rc1+ Kb8 26. Kxf1 Bxb4 27. Ke2 Rd2+ 28. Kf1 Rhd8 29. Rc4 Rxb2 30. Nc2 Rd1+ 0-1

[Event "Wiesbaden op 27th"]
[Site "Wiesbaden"]
[Date "2015.08.27"]
[Round "1"]
[White "Malek, Daniel"]
[Black "Wiest, Kurt"]
[Result "1-0"]
[WhiteElo "2398"]
[BlackElo "1784"]
[PlyCount "37"]
[EventDate "2015.08.27"]
[EventType "swiss"]
[EventRounds "7"]
[EventCountry "GER"]
[SourceTitle "EXT 2016"]
[Source "ChessBase"]
[SourceDate "2015.10.08"]
[SourceVersion "1"]
[SourceVersionDate "2015.10.08"]
[SourceQuality "1"]

1. d4 d5 2. c4 e6 3. Nc3 c6 4. e4 dxe4 5. Nxe4 Bb4+ 6. Nc3 Nf6 7. Nf3 0-0 8. Bd3 Nbd7 9. 0-0 b6 10. Bf4 Bb7 11. Qe2 c5 12. a3 Bxc3 13. bxc3 Rc8 14. a4 Nb8 15. Rfd1 Nc6 16. dxc5 Nd7 17. cxb6 Qf6 18. Qe3 Nxb6 19. Bg5 1-0

[Event "Hessen-ch Gr-C 62nd"]
[Site "Hanau"]
[Date "2008.03.19"]
[Round "1"]
[White "Larem, Peter"]
[Black "Wiest, Kurt"]
[Result "1-0"]
[WhiteElo "1951"]
[BlackElo "1792"]
[PlyCount "103"]
[EventDate "2008.03.19"]
[EventType "swiss"]
[EventRounds "7"]
[EventCountry "GER"]
[SourceTitle "CBM 123 Extra"]
[Source "ChessBase"]
[SourceDate "2008.05.06"]
[SourceVersion "1"]
[SourceVersionDate "2008.05.06"]
[SourceQuality "1"]

1. e4 e5 2. d4 exd4 3. c3 d3 4. Qxd3 Bc5 5. Nf3 Nc6 6. Nbd2 Nge7 7. Nb3 Bb6 8. Bg5 d6 9. Be2 Be6 10. Nbd4 Qd7 11. 0-0 Ng6 12. Rfd1 Nce5 13. Nxe5 Nxe5 14. Qg3 Bg4 15. Rd2 Bxe2 16. Rxe2 Qg4 17. Qxg4 Nxg4 18. h3 Ne5 19. Nf5 f6 20. Nxg7+ Kf7 21. Bh6 Nd3 22. Nf5 Nxf2 23. Rxf2 Bxf2+ 24. Kxf2 Rae8 25. Bf4 Re6 26. Kf3 Rhe8 27. Ng3 Kg6 28. Rd1 Kf7 29. Rd5 Kg6 30. c4 R6e7 31. Rh5 Rh8 32. Rh6+ Kf7 33. Kg4 Ke6 34. Nf5 Rf7 35. Nd4+ Ke7 36. Kf5 Rg8 37. g4 a6 38. b4 c5 39. bxc5 dxc5 40. Ne6 Rg6 41. Nxc5 Rxh6 42. Bxh6 Kd6 43. Ne6 Ke7 44. a4 Ke8 45. c5 Rd7 46. Kxf6 Rd3 47. h4 Ra3 48. Ng7+ Kd7 49. e5 Rf3+ 50. Nf5 Rf1 51. e6+ Ke8 52. e7 1-0

[Event "Main Vogelsberg op 2nd"]
[Site "Grossauheim"]
[Date "2007.06.09"]
[Round "4"]
[White "Eremenko, Christian"]
[Black "Wiest, Kurt"]
[Result "1-0"]
[WhiteElo "949"]
[BlackElo "1792"]
[PlyCount "41"]
[EventDate "2007.06.07"]
[EventType "swiss"]
[EventRounds "7"]
[EventCountry "GER"]
[SourceTitle "EXT 2008"]
[Source "ChessBase"]
[SourceDate "2007.11.25"]
[SourceVersion "1"]
[SourceVersionDate "2007.11.25"]
[SourceQuality "1"]

1. e4 e5 2. Nf3 Nc6 3. Bc4 Nf6 4. Ng5 Bc5 5. Nxf7 Bxf2+ 6. Kxf2 Nxe4+ 7. Ke3 Qh4 8. Qf3 Ng5 9. Nxg5 Qd4+ 10. Ke2 Qxc4+ 11. Kd1 Rf8 12. Qe2 Qh4 13. Nf3 Qh5 14. d3 d6 15. h3 Bg4 16. Rf1 Nd4 17. hxg4 Qxg4 18. Qf2 0-0-0 19. Be3 Nf5 20. Nbd2 Nh4 21. Qxh4 1-0

[Event "Main Vogelsberg op 2nd"]
[Site "Grossauheim"]
[Date "2007.06.07"]
[Round "1"]
[White "Wiest, Kurt"]
[Black "Bodensohn, Rebekka"]
[Result "1/2-1/2"]
[WhiteElo "1792"]
[BlackElo "1092"]
[PlyCount "96"]
[EventDate "2007.06.07"]
[EventType "swiss"]
[EventRounds "7"]
[EventCountry "GER"]
[SourceTitle "EXT 2008"]
[Source "ChessBase"]
[SourceDate "2007.11.25"]
[SourceVersion "1"]
[SourceVersionDate "2007.11.25"]
[SourceQuality "1"]

1. e4 d6 2. d4 Nf6 3. Nc3 Nbd7 4. Nf3 g6 5. Be3 Bg7 6. Bd3 0-0 7. Qd2 Re8 8. Bh6 e5 9. 0-0-0 exd4 10. Nxd4 Nc5 11. Bxg7 Nxd3+ 12. Qxd3 Kxg7 13. f3 a6 14. Nde2 Be6 15. Nf4 Qd7 16. Nfd5 Nxd5 17. Nxd5 Bxd5 18. Qxd5 Rab8 19. Rd2 Qe6 20. Qd4+ f6 21. c4 Qe5 22. Qxe5 Rxe5 23. Rhd1 b6 24. g4 h5 25. h3 hxg4 26. hxg4 Rh8 27. b4 Rh3 28. Rf2 a5 29. a3 axb4 30. axb4 Kf7 31. Kd2 Ke8 32. Ra1 Kd7 33. Ra8 Re8 34. Rxe8 Kxe8 35. Ke3 Rh1 36. Ra2 Kd7 37. Ra8 Rh7 38. Kf4 Rg7 39. g5 Ke7 40. Rc8 c5 41. bxc5 bxc5 42. Rc7+ Kf8 43. Rc6 fxg5+ 44. Kxg5 Ke7 45. Rc7+ Kf8 46. Rxg7 Kxg7 47. f4 Kf7 48. Kh6 Kf6 1/2-1/2

[Event "Main Kinzig-ch"]
[Site "Ronneburg"]
[Date "2003.11.21"]
[Round "6"]
[White "Wiest, Kurt"]
[Black "Schneider, Uwe2222"]
[Result "1/2-1/2"]
[WhiteElo "1779"]
[BlackElo "1827"]
[PlyCount "85"]
[EventDate "2003.09.12"]
[EventType "swiss"]
[EventRounds "7"]
[EventCountry "GER"]
[SourceTitle "EXT 2015"]
[Source "ChessBase"]
[SourceDate "2014.11.20"]
[SourceVersion "1"]
[SourceVersionDate "2014.11.20"]
[SourceQuality "1"]

1. e4 c5 2. c3 e5 3. Nf3 Nc6 4. d4 cxd4 5. Bc4 Be7 6. cxd4 exd4 7. Nxd4 Nf6 8. 0-0 0-0 9. Re1 Ne5 10. Bb3 b6 11. Nc3 Bb7 12. Nf5 Bc5 13. Bf4 d6 14. Qe2 Ng6 15. Bg5 h6 16. Bd5 hxg5 17. Bxb7 Rb8 18. Bd5 Nf4 19. Qb5 Ng4 20. Nd1 Qf6 21. Nde3 Nxe3 22. Nxe3 Rfe8 23. Ng4 Qg6 24. Rad1 Qh5 25. h3 Nxd5 26. Rxd5 a5 27. a3 Qg6 28. e5 dxe5 29. Rdxe5 Rxe5 30. Nxe5 Qf5 31. Qf1 Re8 32. Nf3 Rd8 33. Re5 Qc2 34. Re2 Qg6 35. Qc1 g4 36. Ne5 Qe6 37. Qe1 gxh3 38. gxh3 Qxh3 39. Nc6 Qg4+ 40. Kf1 Qh3+ 41. Kg1 Qg4+ 42. Kf1 Qh3+ 43. Kg1 1/2-1/2

[Event "Main Kinzig-ch"]
[Site "Ronneburg"]
[Date "2003.10.24"]
[Round "4"]
[White "Keuler, Karl Heinz"]
[Black "Wiest, Kurt"]
[Result "0-1"]
[WhiteElo "1487"]
[BlackElo "1779"]
[PlyCount "96"]
[EventDate "2003.09.12"]
[EventType "swiss"]
[EventRounds "7"]
[EventCountry "GER"]
[SourceTitle "EXT 2015"]
[Source "ChessBase"]
[SourceDate "2014.11.20"]
[SourceVersion "1"]
[SourceVersionDate "2014.11.20"]
[SourceQuality "1"]

1. d4 d5 2. Nf3 Nf6 3. c4 e6 4. Nc3 Nbd7 5. e3 c6 6. Bd3 Bd6 7. 0-0 0-0 8. Re1 dxc4 9. Bxc4 e5 10. dxe5 Nxe5 11. Nxe5 Bxe5 12. Be2 Be6 13. Bd2 Qd6 14. f4 Bxc3 15. Bxc3 Ne4 16. Qxd6 Nxd6 17. Bf3 Rfe8 18. a3 Bf5 19. Rad1 Rad8 20. e4 Be6 21. Re2 Bb3 22. Rde1 Nb5 23. Rd2 Nxc3 24. Rxd8 Rxd8 25. bxc3 Bc4 26. Rd1 Rxd1+ 27. Bxd1 f6 28. Kf2 Kf7 29. Be2 Bb3 30. h4 Ke7 31. Ke3 Kd6 32. g4 h6 33. Kd4 c5+ 34. Kd3 b5 35. h5 a5 36. Ke3 b4 37. axb4 cxb4 38. Kd4 Bc2 39. cxb4 axb4 40. Bd3 Bxd3 41. Kxd3 Kc5 42. f5 Kd6 43. Kc4 Ke5 44. Kxb4 Kxe4 45. Kc5 Kf4 46. Kd5 Kxg4 47. Ke4 Kxh5 48. Kf4 Kh4 0-1

[Event "Main Kinzig-ch"]
[Site "Ronneburg"]
[Date "2003.09.12"]
[Round "1"]
[White "Wiest, Kurt"]
[Black "Plietz, Burckhard"]
[Result "1-0"]
[WhiteElo "1779"]
[BlackElo "1260"]
[PlyCount "47"]
[EventDate "2003.09.12"]
[EventType "swiss"]
[EventRounds "7"]
[EventCountry "GER"]
[SourceTitle "EXT 2015"]
[Source "ChessBase"]
[SourceDate "2014.11.20"]
[SourceVersion "1"]
[SourceVersionDate "2014.11.20"]
[SourceQuality "1"]

1. e4 d6 2. d4 Nd7 3. Nc3 e6 4. f4 a6 5. Nf3 Be7 6. Bd3 b5 7. Be3 Nb6 8. 0-0 b4 9. Ne2 Bd7 10. c3 d5 11. e5 Nc4 12. Bxc4 dxc4 13. cxb4 Bxb4 14. d5 a5 15. dxe6 fxe6 16. Qc2 Bb5 17. Ned4 Bc5 18. Rfd1 Qe7 19. Qe4 Rb8 20. Bf2 Bxd4 21. Nxd4 Ba4 22. Nc6 Bxc6 23. Qxc6+ Kf8 24. Bc5 1-0

[Event "MVS Bezirks-ch"]
[Site "Bad Soden Salmuenster"]
[Date "2001.11.25"]
[Round "6"]
[White "Wiest, Kurt"]
[Black "Filmann, Andreas"]
[Result "0-1"]
[WhiteElo "1798"]
[BlackElo "1682"]
[PlyCount "128"]
[EventDate "2001.11.??"]
[EventType "swiss"]
[EventRounds "7"]
[EventCountry "GER"]
[SourceTitle "EXT 2004"]
[Source "ChessBase"]
[SourceDate "2003.11.25"]
[SourceVersion "1"]
[SourceVersionDate "2003.11.25"]
[SourceQuality "1"]

1. e4 e5 2. Bc4 Nc6 3. Nc3 Bc5 4. Qg4 g6 5. Qg3 Nf6 6. d3 Nh5 7. Qf3 Qf6 8. Nd5 Qxf3 9. Nxf3 Bd6 10. Bg5 h6 11. g4 hxg5 12. gxh5 g4 13. Ng5 gxh5 14. Nxf7 Kxf7 15. Nxc7+ Ke7 16. Nxa8 Nd4 17. 0-0-0 b5 18. Bd5 Nc6 19. h3 gxh3 20. Rdg1 Bb7 21. Rg7+ Kd8 22. Nb6 axb6 23. Rxh3 h4 24. Rf3 Bf8 25. Rg8 Rxg8 26. Bxg8 Bh6+ 27. Kd1 Nd4 28. Rf6 Bg7 29. Rg6 Bf8 30. c3 Nc6 31. Ke2 Ke8 32. Rg4 Be7 33. Bd5 Kd8 34. Kf3 Bc8 35. Rg8+ Kc7 36. Rg7 Kd8 37. b4 Nb8 38. Rg8+ Kc7 39. Re8 Bd8 40. d4 exd4 41. cxd4 Nc6 42. Bxc6 dxc6 43. e5 c5 44. e6 Bb7+ 45. Ke3 cxd4+ 46. Kd3 Bf6 47. Rf8 Be7 48. Re8 Kd6 49. Rb8 h3 50. Rh8 Bg2 51. Rh6 Bg5 52. Rh5 Bf6 53. f4 Kxe6 54. Ke2 Kf7 55. Kf2 Kg6 56. Rxb5 d3 57. Rxb6 Kf5 58. Rd6 Be4 59. Kg3 Be7 60. Rd4 Bf6 61. Rd7 Ke6 62. Ra7 d2 63. Ra6+ Kd7 64. Ra7+ Kc8 0-1

[Event "MVS-ch M"]
[Site "Grossauheim"]
[Date "2000.11.19"]
[Round "3"]
[White "Mueller, Thorsten"]
[Black "Wiest, Kurt"]
[Result "1-0"]
[WhiteElo "2080"]
[BlackElo "1739"]
[PlyCount "89"]
[EventDate "2000.11.18"]
[EventType "swiss"]
[EventRounds "6"]
[EventCountry "GER"]
[SourceTitle "EXT 2003"]
[Source "ChessBase"]
[SourceDate "2002.11.25"]
[SourceVersion "1"]
[SourceVersionDate "2002.11.25"]
[SourceQuality "1"]

1. d4 d5 2. Nf3 Nf6 3. Bf4 Bf5 4. e3 e6 5. h3 Be7 6. Nbd2 h6 7. Be2 0-0 8. Ne5 Nbd7 9. g4 Be4 10. f3 Bh7 11. Nf1 Nxe5 12. Bxe5 Nd7 13. Bh2 Bh4+ 14. Ng3 c5 15. c3 cxd4 16. exd4 Qc7 17. Kf2 Qf4 18. Kg2 Qg5 19. Rf1 Qe7 20. Bd3 Bxd3 21. Qxd3 Bxg3 22. Bxg3 Rac8 23. Rae1 Rc6 24. Rf2 Rfc8 25. f4 Nf6 26. Bh4 g5 27. fxg5 Ne4 28. Rff1 hxg5 29. Bg3 Ra6 30. a3 Rac6 31. Rc1 a6 32. Be5 b5 33. Rf3 f6 34. Bxf6 Qh7 35. Be5 Rf8 36. Rxf8+ Kxf8 37. Rf1+ Ke7 38. Qf3 Rc8 39. Qe2 Rf8 40. Rxf8 Kxf8 41. a4 Qf7 42. axb5 axb5 43. Bg3 Kg8 44. Qxb5 Nxg3 45. Qb8+ 1-0

[Event "MVS-ch M"]
[Site "Grossauheim"]
[Date "2000.11.18"]
[Round "2"]
[White "Wiest, Kurt"]
[Black "Schaaf, Andre"]
[Result "0-1"]
[WhiteElo "1739"]
[BlackElo "1973"]
[PlyCount "29"]
[EventDate "2000.11.18"]
[EventType "swiss"]
[EventRounds "6"]
[EventCountry "GER"]
[SourceTitle "EXT 2003"]
[Source "ChessBase"]
[SourceDate "2002.11.25"]
[SourceVersion "1"]
[SourceVersionDate "2002.11.25"]
[SourceQuality "1"]

1. e4 c5 2. c3 d5 3. exd5 Qxd5 4. d4 Nf6 5. Nf3 Bg4 6. Be2 e6 7. Be3 cxd4 8. Bxd4 Be7 9. 0-0 0-0 10. Nbd2 Nc6 11. Nb3 Rfd8 12. Bxf6 Bxf6 13. Nfd4 Bxe2 14. Nxe2 Qc4 15. Qc2 0-1

[Event "MVS-ch"]
[Site "Bad Soden Salmuenster"]
[Date "1999.11.21"]
[Round "7"]
[White "Hattermann, Thomas"]
[Black "Wiest, Kurt"]
[Result "1/2-1/2"]
[WhiteElo "1758"]
[BlackElo "1765"]
[PlyCount "43"]
[EventDate "1999.11.??"]
[EventType "swiss"]
[EventRounds "7"]
[EventCountry "GER"]
[SourceTitle "EXT 2003"]
[Source "ChessBase"]
[SourceDate "2002.11.25"]
[SourceVersion "1"]
[SourceVersionDate "2002.11.25"]
[SourceQuality "1"]

1. d4 d5 2. c4 e6 3. Nc3 Nf6 4. Bg5 Nbd7 5. Nf3 c6 6. e3 Qa5 7. Bxf6 Nxf6 8. a3 Be7 9. b4 Qc7 10. Bd3 0-0 11. 0-0 dxc4 12. Bxc4 Bd6 13. Rc1 Qe7 14. Qe2 Re8 15. Rfd1 e5 16. Ng5 Rf8 17. Nce4 Bg4 18. Nxf6+ gxf6 19. Qxg4 fxg5 20. Qf5 Rae8 21. Bd3 e4 22. Bc4 1/2-1/2

[Event "MVS-ch"]
[Site "Bad Soden Salmuenster"]
[Date "1999.11.21"]
[Round "6"]
[White "Wiest, Kurt"]
[Black "Mann, Tobias"]
[Result "1/2-1/2"]
[WhiteElo "1765"]
[BlackElo "1765"]
[PlyCount "132"]
[EventDate "1999.11.??"]
[EventType "swiss"]
[EventRounds "7"]
[EventCountry "GER"]
[SourceTitle "EXT 2003"]
[Source "ChessBase"]
[SourceDate "2002.11.25"]
[SourceVersion "1"]
[SourceVersionDate "2002.11.25"]
[SourceQuality "1"]

1. e4 d5 2. exd5 Qxd5 3. Nc3 Qa5 4. d4 c6 5. Bd2 Bf5 6. Bc4 e6 7. Nf3 Nf6 8. Nd5 Qd8 9. Ne3 Bg6 10. c3 Nbd7 11. 0-0 Bd6 12. Re1 0-0 13. Qb3 Nb6 14. Be2 Qc7 15. Nf1 c5 16. Bg5 c4 17. Qd1 Nbd5 18. Bh4 b5 19. Bg3 Nf4 20. N3d2 Nxe2+ 21. Qxe2 Nd5 22. Bxd6 Qxd6 23. Qe5 Qxe5 24. Rxe5 a6 25. g3 Rfe8 26. f3 f6 27. Ree1 Kf7 28. Kf2 Re7 29. f4 Rae8 30. Ne3 Nxe3 31. Rxe3 e5 32. dxe5 fxe5 33. Rae1 exf4 34. gxf4 Rxe3 35. Rxe3 Rd8 36. Nf1 Bd3 37. Ng3 Rd6 38. Re5 g6 39. Rc5 Kf6 40. h4 Bb1 41. a3 Rd2+ 42. Kg1 Rxb2 43. Rc6+ Kf7 44. Rxa6 Rc2 45. h5 Rxc3 46. hxg6+ hxg6 47. Ne2 Rd3 48. Ra5 Bc2 49. Rxb5 Rxa3 50. Kf2 Bd3 51. Nc1 Rc3 52. Nxd3 Rxd3 53. Rc5 c3 54. Rc6 Kg7 55. Ke2 Rh3 56. Kf2 Rh2+ 57. Ke3 c2 58. Kd3 Rf2 59. Ke3 Rg2 60. Kf3 Rh2 61. Kg3 Rd2 62. Kf3 Kh6 63. f5 c1Q 64. Rxc1 gxf5 65. Rg1 Rd4 66. Rg8 Kh5 1/2-1/2

[Event "MVS-ch"]
[Site "Bad Soden Salmuenster"]
[Date "1999.11.20"]
[Round "4"]
[White "Wiest, Kurt"]
[Black "Schloessner, Henrik"]
[Result "0-1"]
[WhiteElo "1765"]
[BlackElo "1947"]
[PlyCount "46"]
[EventDate "1999.11.??"]
[EventType "swiss"]
[EventRounds "7"]
[EventCountry "GER"]
[SourceTitle "EXT 2003"]
[Source "ChessBase"]
[SourceDate "2002.11.25"]
[SourceVersion "1"]
[SourceVersionDate "2002.11.25"]
[SourceQuality "1"]

1. e4 d5 2. exd5 Qxd5 3. Nc3 Qa5 4. d4 c6 5. Nf3 Bf5 6. Bc4 e6 7. 0-0 Nd7 8. Re1 Ngf6 9. Bd2 Bb4 10. a3 Bxc3 11. Bxc3 Qc7 12. Bd2 0-0 13. Ne5 Qb6 14. Bb4 Rfd8 15. Bb3 Nxe5 16. Bc5 Qc7 17. Rxe5 b6 18. Bb4 Ng4 19. Qe2 Rxd4 20. f4 Rxf4 21. g3 Rf2 22. Qe1 Rxh2 23. Rd1 Nxe5 0-1

[Event "MVS-ch"]
[Site "Bad Soden Salmuenster"]
[Date "1999.11.14"]
[Round "2"]
[White "Wiest, Kurt"]
[Black "Reichert, Rudolf"]
[Result "1-0"]
[WhiteElo "1765"]
[BlackElo "1534"]
[PlyCount "120"]
[EventDate "1999.11.??"]
[EventType "swiss"]
[EventRounds "7"]
[EventCountry "GER"]
[SourceTitle "EXT 2003"]
[Source "ChessBase"]
[SourceDate "2002.11.25"]
[SourceVersion "1"]
[SourceVersionDate "2002.11.25"]
[SourceQuality "1"]

1. e4 c5 2. c3 e5 3. Nf3 Nc6 4. d4 cxd4 5. Bc4 h6 6. 0-0 Bc5 7. b4 Bb6 8. b5 Na5 9. Nxe5 Nxc4 10. Nxc4 d5 11. exd5 Qxd5 12. Re1+ Be6 13. Nxb6 axb6 14. Qxd4 Qxd4 15. cxd4 Nf6 16. Nc3 0-0 17. a4 Rfc8 18. Bb2 Rc4 19. Red1 Nd5 20. Ne4 Nf4 21. g3 Ne2+ 22. Kf1 Rc2 23. Rd2 Rxb2 24. Rxb2 Nxd4 25. Nd2 Bh3+ 26. Kg1 Ne2+ 27. Kh1 f5 28. Nf3 Nc3 29. Ng1 Bg4 30. f3 Bh5 31. Kg2 Be8 32. Ne2 Nxb5 33. Rab1 Na3 34. Rc1 b5 35. axb5 Nxb5 36. Rc5 Nd6 37. Rd5 Nc4 38. Rb3 Bc6 39. Rc5 Nd2 40. Rd3 Ra2 41. Kf2 Rb2 42. Rxf5 Nb3 43. Ke3 b6 44. Rf4 Nc5 45. Rc3 Bb5 46. Nd4 Bd7 47. Rc2 Rb1 48. Nf5 Rb3+ 49. Kd2 Rd3+ 50. Ke1 Kh7 51. Nd4 g5 52. Rf7+ Kg6 53. Rxd7 Nxd7 54. Rd2 Re3+ 55. Kf2 Re7 56. Nc6 Re6 57. Nd8 Re7 58. Rd6+ Kg7 59. Nc6 Rf7 60. Ke3 b5 1-0